| 000 | 01075nam a2200313 a 4500 | ||
|---|---|---|---|
| 001 | 17573 | ||
| 003 | BD-RjUL | ||
| 005 | 20211209000149.0 | ||
| 008 | 140217s1975 en a b 110 0 eng | ||
| 020 | _a0720428149 | ||
| 035 | _a(BD-RjUL)17631 | ||
| 040 |
_aDLC _cDLC _dBD-RjUL _beng |
||
| 041 | _aeng | ||
| 082 | 0 | 0 |
_a511.6 _bINF 1975 _223 |
| 245 | 1 | 0 |
_aInfinite and finite sets : _bto Paul Erdős on his 60th birthday / _cedited by A. Hajnal, R. Rado and Vera T. Sós. |
| 260 |
_aAmsterdam : _bNorth-Holland Pub. Co., _cc1975. |
||
| 300 |
_aV. : _bill. ; _c25 cm. |
||
| 490 | 1 |
_aColloquia mathematica Societatis János Bolyai ; _vv. 10 |
|
| 505 | 1 | _aVol. i,ii, iii--- | |
| 650 | 0 |
_aCombinatorial analysis _vCongresses. _954157 |
|
| 650 | 0 |
_aSet theory _xCongresses. _954158 |
|
| 700 | 1 |
_aHajnal, A. _954160 |
|
| 700 | 1 |
_aRado, Richard, _d1906- _954161 |
|
| 700 | 1 |
_aSós, Vera T. _954162 |
|
| 710 | 2 |
_aBolyai János Matematikai Társulat. _954163 |
|
| 830 | 0 |
_aColloquia mathematica Societatis János Bolyai ; _9186444 |
|
| 942 |
_2ddc _cBK |
||
| 999 |
_c17573 _d17573 |
||